000
00318nam a2200133Ia 4500
008
230917s9999||||xx |||||||||||||| ||und||
020
_c
POU4.75
040
_e
8982
_a
MAIN
041
_a
English
082
_a
327.47 I7E
245
0
_a
European security and the Soviet problem summary
300
_a
64 p.
942
_c
BK
999
_c
212490
_d
212490